| 000 | 00349nam a2200145Ia 4500 | ||
|---|---|---|---|
| 008 | 210210b1969 xxu||||| |||| 00| 0 eng d | ||
| 082 | _a294.556H APUA | ||
| 100 | _aAPURVANAND. | ||
| 245 | _aAchary Shankar. | ||
| 260 |
_aNagpur _bSri Ramkrishn Ashram _c1969 |
||
| 300 | _a293,3 | ||
| 650 | _aShankaracharya | ||
| 690 | _aHinduism | ||
| 906 | _a029047 | ||
| 999 |
_c80275 _d80275 |
||